The masterplan (Record no. 80338)
[ view plain ]
| 000 -LEADER | |
|---|---|
| fixed length control field | 00781cab a22001935a 4500 |
| 001 - CONTROL NUMBER | |
| control field | L144035 |
| 008 - FIXED-LENGTH DATA ELEMENTS--GENERAL INFORMATION | |
| fixed length control field | 080612e20080530xxk f 000 0 eng d |
| 035 ## - SYSTEM CONTROL NUMBER | |
| System control number | (Sirsi) u144035 |
| 041 0# - LANGUAGE CODE | |
| Language code of text/sound track or separate title | eng |
| 100 1# - MAIN ENTRY--PERSONAL NAME | |
| Personal name | Dean, Janet |
| 245 04 - TITLE STATEMENT | |
| Title | The masterplan |
| 260 ## - PUBLICATION, DISTRIBUTION, ETC. | |
| Date of publication, distribution, etc. | 2008 |
| 490 #0 - SERIES STATEMENT | |
| Series statement | Inside Housing |
| Volume/sequential designation | 30 May 2008, 22-23(2) |
| 520 ## - SUMMARY, ETC. | |
| Summary, etc. | Discusses how local authorities can use their strategic housing role to help the Government and their partners by using housing to create great places. Argues that housing is not simply a numbers game, but should be about place-shaping. Explains what the IDEA is doing to support good practice in housing policy and practice. |
| 590 ## - LOCAL NOTE (RLIN) | |
| Local note | KA |
| 651 #4 - SUBJECT ADDED ENTRY--GEOGRAPHIC NAME | |
| Geographic name | England and Wales |
| Chronological subdivision | 1543- |
| 690 ## - LOCAL SUBJECT ADDED ENTRY--TOPICAL TERM (OCLC, RLIN) | |
| Topical term or geographic name as entry element | Planning and development |
| 9 (RLIN) | 6259 |
| 942 ## - ADDED ENTRY ELEMENTS (KOHA) | |
| Suppress in OPAC | 0 |
| Withdrawn status | Lost status | Source of classification or shelving scheme | Damaged status | Not for loan | Home library | Current library | Shelving location | Date acquired | Total Checkouts | Full call number | Barcode | Date last seen | Copy number | Price effective from | Koha item type |
|---|---|---|---|---|---|---|---|---|---|---|---|---|---|---|---|
| Dewey Decimal Classification | London | London | Journal article | 12/06/2008 | L144035 | 144035-1001 | 06/08/2019 | 1 | 06/08/2019 | Journal article |